Cálculo Avanzado : (Record no. 210059)

MARC details
000 -CABECERA
campo de control de longitud fija 00915cam a22002417a 4500
003 - IDENTIFICADOR DEL NÚMERO DE CONTROL
campo de control MX-MxUPN
005 - FECHA Y HORA DE LA ÚLTIMA TRANSACCIÓN
campo de control 20260418064118.0
008 - ELEMENTOS DE LONGITUD FIJA--INFORMACIÓN GENERAL
campo de control de longitud fija 230816s1986 mx| |||fr|||| 000 0 spa d
040 ## - FUENTE DE LA CATALOGACIÓN
Centro catalogador/agencia de origen MX-MxUPN
Lengua de catalogación spa
050 #4 - SIGNATURA TOPOGRÁFICA DE LA BIBLIOTECA DEL CONGRESO
Número de clasificación QA303
Número de documento/Ítem M67 1986
100 1# - ASIENTO PRINCIPAL--NOMBRE PERSONAL
9 (RLIN) 49948
Nombre de persona Moreno Armella, Luis
100 1# - ASIENTO PRINCIPAL--NOMBRE PERSONAL
Nombre de persona Waldegg Casanova, Guillermina
9 (RLIN) 31705
245 1# - MENCIÓN DE TÍTULO
Título Cálculo Avanzado :
Resto del título introducción al análisis : nivel medio superior
260 ## - PUBLICACIÓN, DISTRIBUCIÓN, ETC.
Lugar de publicación, distribución, etc. México :
Nombre del editor, distribuidor, etc. Centro de Investigación y Estudios Avanzados, Sección de Matemática Educativa,
Fecha de publicación, distribución, etc. 1986
300 ## - DESCRIPCIÓN FÍSICA
Extensión 2 volúmenes
500 ## - NOTA GENERAL
Nota general "Programa Nacional de Formación y Actualización de Profesores de Matemáticas".
500 ## - NOTA GENERAL
Nota general La biblioteca tiene únicamente el volumen 2.
650 #7 - ASIENTO SECUNDARIO DE MATERIA - TERMINO TEMATICO
9 (RLIN) 4497
Término de materia o nombre geográfico como elemento de entrada Cálculo
650 #7 - ASIENTO SECUNDARIO DE MATERIA - TERMINO TEMATICO
Término de materia o nombre geográfico como elemento de entrada Números reales
Fuente del encabezamiento o término
9 (RLIN) 18933
650 #2 - ASIENTO SECUNDARIO DE MATERIA - TERMINO TEMATICO
9 (RLIN) 22527
Término de materia o nombre geográfico como elemento de entrada Funciones (matemáticas)
902 ## - ELEMENTOS DE DATOS B LOCAL, LDB (RLIN)
Creó LC16082023
Modificó VíctorGodínez/120923
942 ## - ELEMENTOS DE PUNTO DE ACCESO ADICIONAL (KOHA)
Fuente del sistema de clasificación o colocación Library of Congress Classification
Tipo de ítem Koha Libro
Holdings
Estado de retiro Estado de pérdida Fuente del sistema de clasificación o colocación Estado dañado No para préstamo Código de colección Localización permanente Ubicación/localización actual Ubicación en estantería Fecha de adquisición Clasificación Código de barras Fecha visto por última vez Tipo de ítem Koha
    Library of Congress Classification     Colección General Bib. Gregorio Torres Quintero Bib. Gregorio Torres Quintero Planta baja 16/08/2023 QA303 M67 1986 198758 16/08/2023 Libro